Deux plus grandes villes par régions administratives du Québec - Statistiques

Statistiques générales
  • Ce quiz a été pris 186 fois
  • Le résultat moyen est 15 sur 33
Statistiques - réponses
Hint Réponse % Correct
1 800 055 Montréal
98%
549 459 Québec
91%
446 369 Laval
83%
175 114 Sherbrooke
73%
147 952 Saguenay
71%
142 598 Trois-Rivières
70%
154 091 Lévis
69%
292 281 Gatineau
68%
15 063 Gaspé
66%
253 629 Longueuil
63%
50 036 Rimouski
61%
81 551 Drummondville
55%
82 061 Saint-Jérôme
49%
20 118 Rivière-du-Loup
46%
43 097 Rouyn-Noranda
45%
33 032 Val-d'Or
45%
24 973 Sept-Îles
44%
100 188 Saint-Jean-sur-Richelieu
43%
51 508 Shawinigan
43%
48 461 Victoriaville
42%
122 098 Terrebonne
41%
70 823 Granby
38%
30 331 Alma
34%
20 687 Baie-Comeau
34%
88 088 Repentigny
33%
34 548 Saint-Georges
24%
7 233 Chibougamau
23%
64 032 Mirabel
22%
2 668 Kuujjuaq
19%
49 908 Dollard-Des Ormeaux
15%
7 490 Chandler
10%
18 820 Saint-Augustin-de-Desmaures
9%
13 328 Val-des-Monts
1%
Aucun quiz correspondant
Distribution des résultats
% des personnes avec chaque résultat
Percentile par nombre de réponses
Votre historique - résultats
Vous n’avez pas pris ce quiz